Pregnancy, childbirth and new baby care / (Record no. 163828)

MARC details
000 -LEADER
fixed length control field 00551nam a2200193 4500
005 - DATE AND TIME OF LATEST TRANSACTION
control field 20190501155003.0
010 ## - LCCN (DPL NO)
LC control number ENG-125123
020 ## - INTERNATIONAL STANDARD BOOK NUMBER
Terms of availability 350.00
035 ## - SYSTEM CONTROL NUMBER
System control number EN-108655
037 ## - SOURCE OF ACQUISITION
Source of stock number/acquisition DBAD/PUB
082 ## - DEWEY DECIMAL CLASSIFICATION NUMBER
Classification number 618.02
100 ## - MAIN ENTRY--PERSONAL NAME
Personal name Lalana, Grace J.
245 ## - TITLE STATEMENT
Title Pregnancy, childbirth and new baby care /
Statement of responsibility, etc by Grace J. Lalana
260 ## - PUBLICATION, DISTRIBUTION, ETC. (IMPRINT)
Place of publication, distribution, etc Banglore
Name of publisher, distributor, etc Grace Lalana Publications
Date of publication, distribution, etc 2011
270 ## - ADDRESS
Address PB No.-4319
City Banglore
Postal code 560043
300 ## - PHYSICAL DESCRIPTION
Extent xvi,296p.
Dimensions 22cm(pbk)
500 ## - GENERAL NOTE
General note Includes index
942 ## - ADDED ENTRY ELEMENTS (KOHA)
Source of classification or shelving scheme Dewey Decimal Classification
Item type English Books
Classification part 618.02
Call number suffix LAL
Holdings
Withdrawn status Lost status Not for loan Collection code Home library Current library Date acquired Source of acquisition Cost, normal purchase price Full call number Barcode Copy number Cost, replacement price Koha item type
    Not For Loan Non-fiction D.B.Act.Division D.B.Act.Division 01/05/2019 DBAD/PUB 350.00 618.02 LAL EN-108655 1 350.00 English Books

© Delhi Public Library
Hit Counter
free hit counter